Algebra and Trigonometry <A> Problem-Solving Approach
Guardado en:
| Autor principal: | |
|---|---|
| Otros Autores: | |
| Formato: | Libro |
| Lenguaje: | inglés |
| Publicado: |
Englewood Cliffs
Prentice-Hall
1988
|
| Edición: | 3. ed. |
| Materias: | |
| Etiquetas: |
Sin Etiquetas, Sea el primero en etiquetar este registro!
|
MARC
| LEADER | 00000nam a2200000 4500 | ||
|---|---|---|---|
| 001 | c003962 | ||
| 005 | 20221206134045.1 | ||
| 020 | |a 0-13-021338-1 | ||
| 041 | 0 | |a eng | |
| 044 | |a US | ||
| 245 | 1 | 0 | |a Algebra and Trigonometry |b <A> Problem-Solving Approach |c Walter Fleming, Dale Varberg |
| 250 | |a 3. ed. | ||
| 264 | 1 | |a Englewood Cliffs |b Prentice-Hall |c 1988 | |
| 300 | |a 604 s. | ||
| 610 | 2 | 0 | |a matematika |
| 610 | 2 | 0 | |a metódy matematické |
| 100 | 1 | |a Fleming, Walter | |
| 700 | 1 | |a Varberg, Dale | |